Maguey journey (Record no. 224108)
[ view plain ]
| 000 -LEADER | |
|---|---|
| fixed length control field | 01913nam a2200397 a 4500 |
| 082 04 - DEWEY DECIMAL CLASSIFICATION NUMBER | |
| Classification number | 338.4/76771 |
| 100 1# - MAIN ENTRY--AUTHOR NAME | |
| Personal name | Rousso, Kathryn. |
| 245 10 - TITLE STATEMENT | |
| Title | Maguey journey |
| 260 ## - PUBLICATION, DISTRIBUTION, ETC. (IMPRINT) | |
| Place of publication | Tucson : |
| Name of publisher | University of Arizona Press, |
| Year of publication | c2010. |
| 300 ## - PHYSICAL DESCRIPTION | |
| Number of Pages | xvi, 162 p. : |
| Other physical details | ill. (some col.), map. |
| 505 0# - FORMATTED CONTENTS NOTE | |
| Formatted contents note | The land of Maguey. Guatemala ; People of Maguey ; The western highlands ; The central highlands ; East and north -- The maguey to textile transformation. Maguey : the material ; Fiber extraction ; Colors and patterns ; Spinning fibers into strands ; From strand to product ; Maguey products and their uses -- The gift of life. Maguey economics ; Maguey in transition ; Conclusion. |
| 650 #0 - SUBJECT ADDED ENTRY--TOPICAL TERM | |
| Topical Term | Textile fabrics |
| Topical Term | Maya textile fabrics |
| Topical Term | Indian textile fabrics |
| Topical Term | Hand weaving |
| Topical Term | Agaves |
| Topical Term | Agaves |
| 856 40 - ELECTRONIC LOCATION AND ACCESS | |
| Uniform Resource Identifier | http://site.ebrary.com/lib/rucke/Doc?id=10485536 |
No items available.
